[Event "4th Sabbiadoro-Master 2018"]
[Site "Lignano Sabbiadoro"]
[Date "2018.07.30"]
[Round "3.9"]
[White "Grochowalski, Pawel"]
[Black "Ventura, Salvatore"]
[Result "1-0"]
[WhiteElo "2049"]
[BlackElo "2190"]
[Annotator "NA"]
[PlyCount "107"]
[EventDate "2018.07.29"]
[EventType "swiss"]
[EventCountry "ITA"]
[SourceTitle "playchess.com"]
[Source "ChessBase"]
[SourceQuality "1"]
[TimeControl "5400+30"]

1. d4 f5 2. Nc3 Nf6 3. Bg5 d5 4. Bxf6 exf6 5. e3 Be6 6. Bd3 Nc6 7. a3 Qd7 8. Nce2 g6 9. h4 h5 10. Nf4 Bf7 11. c3 Na5 12. Qc2 Nc4 13. Nf3 O-O-O 14. Nd2 Nd6 15. c4 dxc4 16. Nxc4 Qc6 17. Nxd6+ Rxd6 18. Qxc6 Rxc6 19. Kd2 Rb6 20. b4 a5 21. b5 Bd6 22. g3 a4 23. Ne2 Kd7 24. Nc3 Ra8 25. Bc2 Bb3 26. Bxb3 axb3 27. Rhb1 Rxa3 28. Rxa3 Bxa3 29. Rxb3 Bf8 30. Nd5 Rd6 31. Nf4 g5 32. Nxh5 Ke6 33. Kd3 Rd7 34. hxg5 fxg5 35. f3 Bd6 36. g4 fxg4 37. fxg4 c5 38. bxc6 bxc6 39. Ke4 Rf7 40. Rb6 Kd7 41. Rb7+ Bc7 42. Rb2 Re7+ 43. Kd3 Rf7 44. Rg2 Ke6 45. Ke4 Bd6 46. Ng3 Bxg3 47. Rxg3 Rf1 48. Rh3 Rf6 49. Rh5 Rg6 50. Rh8 Kf6 51. Rf8+ Kg7 52. Rf5 Kh6 53. Ke5 Kg7 54. e4 1-0

[Event "4th Sabbiadoro-Master 2018"]
[Site "Lignano Sabbiadoro"]
[Date "2018.07.30"]
[Round "3.10"]
[White "Siclari, Giovanni"]
[Black "Ridolfo, Enrico"]
[Result "1-0"]
[WhiteElo "2185"]
[BlackElo "2047"]
[Annotator "NA"]
[PlyCount "81"]
[EventDate "2018.07.29"]
[EventType "swiss"]
[EventCountry "ITA"]
[SourceTitle "playchess.com"]
[Source "ChessBase"]
[SourceQuality "1"]
[TimeControl "5400+30"]

1. Nf3 {[%emt 0:00:30]} g6 {[%emt 0:01:00]} 2. c4 {[%emt 0:00:00]} Bg7 {[%emt 0:00:30]} 3. e4 {[%emt 0:00:00]} c5 {[%emt 0:00:30]} 4. d4 {[%emt 0:00:00]} cxd4 {[%emt 0:00:00]} 5. Nxd4 {[%emt 0:00:00]} Nc6 {[%emt 0:00:00]} 6. Be3 {[%emt 0:00:00]} Nf6 {[%emt 0:00:30]} 7. Nc3 {[%emt 0:00:00]} O-O {[%emt 0:00:30]} 8. Be2 {[%emt 0:00:30]} d6 {[%emt 0:00:30]} 9. O-O {[%emt 0:00:00]} Bd7 {[%emt 0:00:00]} 10. Qd2 {[%emt 0:00:00]} Nxd4 {[%emt 0:02:00]} 11. Bxd4 {[%emt 0:00:00]} Bc6 {[%emt 0:00:30]} 12. f3 {[%emt 0:00:00]} Qa5 {[%emt 0:02:30]} 13. Rac1 {[%emt 0:11:30]} Rac8 {[%emt 0:04:30]} 14. Rfd1 {[%emt 0:00:30]} Rfd8 {[%emt 0:02:30]} 15. b3 {[%emt 0:06:30]} h5 {[%emt 0:10:30]} 16. Be3 {[%emt 0:05:30]} Nd7 {[%emt 0:11:30]} 17. Nd5 {[%emt 0:06:30]} Qxd2 {[%emt 0:00:30]} 18. Rxd2 {[%emt 0:00:00]} Kf8 {[%emt 0:05:30]} 19. Bg5 {[%emt 0:06:00]} Bxd5 {[%emt 0:04:30]} 20. Rxd5 {[%emt 0:00:30]} Nf6 {[%emt 0:08:30]} 21. Rd2 {[%emt 0:01:30]} Ke8 {[%emt 0:10:30]} 22. Be3 {[%emt 0:03:30]} Rc6 {[%emt 0:04:30]} 23. c5 {[%emt 0:05:30]} Nd7 {[%emt 0:02:30]} 24. Bb5 {[%emt 0:06:30]} Rc7 {[%emt 0:00:00]} 25. c6 {[%emt 0:12:30]} bxc6 {[%emt 0:01:00]} 26. Rxc6 {[%emt 0:00:30]} Rdc8 {[%emt 0:03:30]} 27. Ra6 {[%emt 0:03:30]} Rc1+ {[%emt 0:09:50]} 28. Kf2 {[%emt 0:00:30]} Bc3 {[%emt 0:05:29]} 29. Rxa7 {[%emt 0:05:30]} Bxd2 {[%emt 0:00:58]} 30. Bxd7+ {[%emt 0:00:00]} Kd8 {[%emt 0:00:04]} 31. Bxd2 {[%emt 0:00:00]} R1c7 {[%emt 0:01:27]} 32. Ba5 {[%emt 0:01:30]} Kxd7 {[%emt 0:00:07]} 33. Rxc7+ {[%emt 0:00:00]} Rxc7 {[%emt 0:00:04]} 34. Bxc7 {[%emt 0:00:00]} Kxc7 {[%emt 0:00:06]} 35. Ke3 {[%emt 0:00:30]} Kc6 {[%emt 0:00:14]} 36. Kd4 {[%emt 0:00:00]} f5 {[%emt 0:00:59]} 37. a4 {[%emt 0:00:00]} e6 {[%emt 0:00:40]} 38. b4 {[%emt 0:00:30]} g5 {[%emt 0:01:42]} 39. b5+ {[%emt 0:00:30]} Kb6 {[%emt 0:00:11]} 40. exf5 {[%emt 0:00:30]} exf5 {[%emt 0:00:20]} 41. h3 {[%emt 0:00:30]} 1-0

[Event "4th Sabbiadoro-Master 2018"]
[Site "Lignano Sabbiadoro"]
[Date "2018.07.31"]
[Round "4.3"]
[White "Calavalle, Giulio"]
[Black "Migliorini, Matteo"]
[Result "1-0"]
[WhiteElo "2275"]
[BlackElo "2130"]
[Annotator "NA"]
[PlyCount "107"]
[EventDate "2018.07.29"]
[EventType "swiss"]
[EventCountry "ITA"]
[SourceTitle "playchess.com"]
[Source "ChessBase"]
[SourceQuality "1"]
[TimeControl "5400+30"]

1. e4 {[%emt 0:01:30]} c5 {[%emt 0:01:00]} 2. Nc3 {[%emt 0:01:30]} Nc6 {[%emt 0:00:00]} 3. g3 {[%emt 0:00:30]} g6 {[%emt 0:00:00]} 4. Bg2 {[%emt 0:00:00]} Bg7 {[%emt 0:00:30]} 5. d3 {[%emt 0:00:00]} d6 {[%emt 0:02:30]} 6. Be3 {[%emt 0:00:30]} e6 {[%emt 0:01:30]} 7. Nge2 {[%emt 0:01:30] LiveBook: 103 Games} Nd4 {[%emt 0:02:30]} 8. Qd2 {[%emt 0:01:30]} Ne7 {[%emt 0:02:30]} 9. Nd1 {[%emt 0:02:30]} O-O {[%emt 0:02:30]} 10. Nxd4 {[%emt 0:02:30] B26: Closed Sicilian: 3 g3, lines with early Be3} (10. O-O Rb8 11. Nxd4 cxd4 12. Bh6 e5 13. c3 Nc6 14. Bxg7 Kxg7 15. f4 f6 {½-½ (15) Gozzoli,Y (2430)-Bagheri,A (2541) Paris 2003}) 10... cxd4 {[%emt 0:03:30]} 11. Bh6 {[%emt 0:00:30]} Bxh6 $146 {[%emt 0:07:30]} ({Predecessor:} 11... e5 12. Bxg7 Kxg7 13. f4 Nc6 14. O-O {0-1 (48) Wegner,V (1689)-Kemper,A (1866) Germany 2008}) 12. Qxh6 {[%emt 0:01:30]} e5 {[%emt 0:01:30]} 13. h4 {[%emt 0:03:30]} f6 {[%emt 0:00:00]} 14. Qd2 {[%emt 0:03:30]} Be6 {[%emt 0:04:00]} 15. f4 {[%emt 0:03:30]} Nc6 {[%emt 0:11:30]} 16. Nf2 {[%emt 0:08:30]} Rc8 {[%emt 0:04:30]} 17. Nh3 {[%emt 0:06:30]} Qa5 {[%emt 0:00:30]} 18. c3 {[%emt 0:02:30]} dxc3 {[%emt 0:00:30]} 19. bxc3 {[%emt 0:00:30]} Ne7 {[%emt 0:05:30]} 20. Rc1 {[%emt 0:01:30]} Rc7 {[%emt 0:02:30]} 21. h5 {[%emt 0:05:30]} Rfc8 {[%emt 0:02:30]} 22. c4 {[%emt 0:09:30]} Qxd2+ {[%emt 0:05:30]} 23. Kxd2 {[%emt 0:00:30]} Nc6 {[%emt 0:01:30]} 24. hxg6 {[%emt 0:00:30]} hxg6 {[%emt 0:00:30]} 25. Nf2 {[%emt 0:01:30]} Rh7 {[%emt 0:02:30]} 26. Rxh7 {[%emt 0:04:30]} Kxh7 {[%emt 0:00:30]} 27. f5 {[%emt 0:06:30]} gxf5 {[%emt 0:08:30]} 28. Bh3 {[%emt 0:00:30]} Nd4 {[%emt 0:05:30]} 29. exf5 {[%emt 0:00:30]} Bxf5 {[%emt 0:05:31]} 30. Bxf5+ {[%emt 0:00:30]} Nxf5 {[%emt 0:00:04]} 31. Ne4 {[%emt 0:00:00]} Kg6 {[%emt 0:03:14]} 32. Rf1 {[%emt 0:01:00]} Rf8 {[%emt 0:00:05]} 33. g4 {[%emt 0:00:30]} Nh6 {[%emt 0:01:27]} 34. g5 {[%emt 0:01:30]} Ng4 {[%emt 0:03:59]} 35. gxf6 {[%emt 0:01:30]} Nxf6 {[%emt 0:00:14]} 36. Rg1+ {[%emt 0:00:00]} Kh5 {[%emt 0:03:17]} 37. Nxd6 {[%emt 0:00:00]} Ng4 {[%emt 0:03:27]} 38. Nxb7 {[%emt 0:03:30]} Rf2+ {[%emt 0:00:14]} 39. Kc3 {[%emt 0:00:30]} Rxa2 {[%emt 0:00:03]} 40. c5 {[%emt 0:02:30]} Ra6 {[%emt 0:01:12]} 41. Kb4 {[%emt 0:02:30]} Rc6 {[%emt 0:00:59]} 42. Na5 {[%emt 0:02:30]} Rc8 {[%emt 0:01:14]} 43. Nc4 {[%emt 0:00:30]} Kh4 {[%emt 0:03:00]} 44. Re1 {[%emt 0:01:30]} Rb8+ {[%emt 0:01:22]} 45. Ka5 {[%emt 0:00:54]} Rc8 {[%emt 0:01:00]} 46. Kb5 {[%emt 0:00:14]} Rb8+ {[%emt 0:00:47]} 47. Kc6 {[%emt 0:00:31]} Rc8+ {[%emt 0:00:06]} 48. Kd6 {[%emt 0:06:46]} Rd8+ {[%emt 0:00:05]} 49. Ke6 {[%emt 0:02:42]} Rc8 $18 {[%emt 0:00:26]} (49... Re8+ 50. Kd7 Nf6+ 51. Kc7 e4) 50. Nxe5 {[%emt 0:01:33]} Rxc5 {[%emt 0:00:21]} 51. d4 {[%emt 0:01:57]} Rb5 {[%emt 0:01:25]} 52. Re4 {[%emt 0:00:22]} Rb6+ {[%emt 0:00:33]} 53. Kd7 {[%emt 0:00:17]} Rb7+ {[%emt 0:00:25]} 54. Kc6 {[%emt 0:00:15]} 1-0

[Event "4th Sabbiadoro-Master 2018"]
[Site "Lignano Sabbiadoro"]
[Date "2018.07.31"]
[Round "4.4"]
[White "Medici, Simone"]
[Black "Damia, Angelo"]
[Result "0-1"]
[WhiteElo "2286"]
[BlackElo "2313"]
[Annotator "ChessBase"]
[PlyCount "115"]
[EventDate "2018.07.29"]
[EventType "swiss"]
[EventCountry "ITA"]
[SourceTitle "playchess.com"]
[Source "ChessBase"]
[SourceQuality "1"]
[TimeControl "5400+30"]

1. d4 {[%emt 0:00:30]} Nf6 {[%emt 0:10:00]} 2. c4 {[%emt 0:00:00]} e6 {[%emt 0:00:30]} 3. Nf3 {[%emt 0:01:00]} d5 {[%emt 0:00:30]} 4. Nc3 {[%emt 0:01:30]} Be7 {[%emt 0:01:30]} 5. Bg5 {[%emt 0:01:30]} Nbd7 {[%emt 0:00:30]} 6. e3 {[%emt 0:01:30]} O-O {[%emt 0:00:30]} 7. Rc1 {[%emt 0:00:30]} dxc4 {[%emt 0:02:30]} 8. Bxc4 {[%emt 0:00:30]} a6 {[%emt 0:00:00]} 9. O-O {[%emt 0:13:30]} b5 {[%emt 0:02:00]} 10. Bd3 {[%emt 0:02:30]} Bb7 {[%emt 0:00:30]} 11. Qe2 {[%emt 0:03:30]} c5 {[%emt 0:02:30]} 12. Rfd1 {[%emt 0:02:30]} c4 {[%emt 0:03:30]} 13. Bb1 {[%emt 0:05:30]} Nd5 {[%emt 0:15:30]} 14. Bxe7 {[%emt 0:03:30]} Qxe7 {[%emt 0:00:00]} 15. e4 {[%emt 0:09:30]} Nxc3 {[%emt 0:09:00]} 16. Rxc3 {[%emt 0:01:30]} Nb6 {[%emt 0:02:30]} 17. Ne5 {[%emt 0:05:30]} f6 {[%emt 0:00:30]} 18. Ng4 {[%emt 0:02:30]} b4 {[%emt 0:07:30]} 19. Rg3 {[%emt 0:02:30]} Rac8 {[%emt 0:00:30]} 20. d5 {[%emt 0:04:30]} Kh8 {[%emt 0:08:30]} 21. Ne3 {[%emt 0:09:30]} g6 {[%emt 0:11:30]} 22. d6 {[%emt 0:08:16]} Qd7 {[%emt 0:00:30]} 23. Qd2 {[%emt 0:01:45]} Qb5 {[%emt 0:04:17]} 24. d7 {[%emt 0:04:34]} Rcd8 {[%emt 0:00:05]} 25. Qd6 {[%emt 0:00:54]} Qxd7 {[%emt 0:01:36]} 26. Qxf8+ {[%emt 0:04:51]} Rxf8 {[%emt 0:00:05]} 27. Rxd7 {[%emt 0:00:05]} Nxd7 {[%emt 0:00:05]} 28. Nxc4 {[%emt 0:00:07]} Rc8 {[%emt 0:00:10]} 29. b3 {[%emt 0:04:28]} Ne5 {[%emt 0:00:54]} 30. Bd3 {[%emt 0:02:15]} Nxc4 {[%emt 0:03:51]} 31. Bxc4 {[%emt 0:03:46]} Bxe4 {[%emt 0:00:12]} 32. h3 {[%emt 0:00:52]} a5 {[%emt 0:04:16]} 33. Bxe6 {[%emt 0:00:20]} Rc1+ {[%emt 0:00:41]} 34. Kh2 {[%emt 0:00:05]} Rc3 {[%emt 0:00:51]} 35. Re3 {[%emt 0:01:01]} Rxe3 {[%emt 0:01:02]} 36. fxe3 {[%emt 0:00:01]} Bb1 {[%emt 0:00:00]} 37. Bd7 {[%emt 0:00:16]} Bxa2 {[%emt 0:00:41]} 38. Ba4 {[%emt 0:00:07]} Kg7 {[%emt 0:01:03]} 39. g3 {[%emt 0:01:14]} Kf7 {[%emt 0:00:45]} 40. Kg2 {[%emt 0:00:14]} Ke6 {[%emt 0:00:06]} 41. Kf3 {[%emt 0:00:31]} Ke5 {[%emt 0:00:19]} 42. Ke2 {[%emt 0:00:52]} Bb1 {[%emt 0:00:02]} 43. Kf3 {[%emt 0:00:50]} Be4+ {[%emt 0:00:12]} 44. Ke2 {[%emt 0:00:24]} Bg2 {[%emt 0:00:29]} 45. h4 {[%emt 0:00:06]} Kd5 {[%emt 0:00:14]} 46. Be8 {[%emt 0:00:20]} Kc5 {[%emt 0:00:32]} 47. Kd3 {[%emt 0:00:22]} Bc6 {[%emt 0:01:47]} 48. Bf7 {[%emt 0:01:01]} Bd5 {[%emt 0:00:16]} 49. Bxd5 {[%emt 0:00:54]} Kxd5 {[%emt 0:00:05]} 50. g4 {[%emt 0:00:19]} f5 {[%emt 0:01:18]} 51. g5 {[%emt 0:00:36]} Kc5 {[%emt 0:01:53]} 52. Kc2 {[%emt 0:00:29]} Kb5 {[%emt 0:00:08]} 53. Kb2 {[%emt 0:00:38]} a4 {[%emt 0:00:06]} 54. bxa4+ {[%emt 0:00:19]} Kxa4 {[%emt 0:00:05]} 55. Ka2 {[%emt 0:00:12]} b3+ {[%emt 0:00:30]} 56. Kb2 {[%emt 0:00:04]} Kb4 {[%emt 0:00:38]} 57. Kb1 {[%emt 0:00:45]} Kc3 {[%emt 0:00:07]} 58. Kc1 {[%emt 0:00:06]} 0-1

[Event "4th Sabbiadoro-Master 2018"]
[Site "Lignano Sabbiadoro"]
[Date "2018.07.31"]
[Round "4.5"]
[White "Kalegin, Evgenij"]
[Black "Favilli, Edoardo"]
[Result "1-0"]
[WhiteElo "2431"]
[BlackElo "2116"]
[Annotator "TA"]
[PlyCount "71"]
[EventDate "2018.07.29"]
[EventType "swiss"]
[EventCountry "ITA"]
[SourceTitle "playchess.com"]
[Source "ChessBase"]
[SourceQuality "1"]

{[%evp 26,71,25,0,28,25,25,8,11,11,10,10,39,28,31,30,34,0,19,10,33,32,33,40,118,129,440,438,513,509,498,487,450,411,604,600,736,733,668,620,2021,2009,29989,29990,29991,29992,29993,29994]} 1. e4 e6 2. d4 d5 3. Nc3 Nf6 4. e5 Nfd7 5. f4 c5 6. Nf3 Nc6 7. Be3 a6 8. Qd2 b5 9. dxc5 Bxc5 10. Bd3 {C11: French: Classical System: 4 e5 and 4 Bg5 dxe4} (10. Ne2 O-O 11. Ned4 Qb6 12. c3 b4 13. Bd3 a5 14. O-O Ba6 15. Kh1 Bxd3 16. Qxd3 Qa6 17. Qc2 bxc3 18. bxc3 {½-½ (31) Dominguez Perez,L (2739)-So,W (2788) Saint Louis 2017}) 10... Qb6 11. Bf2 Bxf2+ 12. Qxf2 Qxf2+ 13. Kxf2 Nc5 14. Ke3 {LiveBook: 3 Games} Bb7 15. Ne2 Rc8 $146 ({Predecessor:} 15... Ke7 16. Ned4 Rac8 17. Nxc6+ Bxc6 {½-½ (112) Quevedo Marin,M (2259)-Iagar,R (2161) Madrid 2016}) 16. Nfd4 Ke7 17. Nxc6+ Bxc6 18. Nd4 g6 19. g4 {[%cal Bg2g4,Bg4f5,Bf5f6][%mdl 32]} h5 20. h3 Bd7 21. Raf1 Rcg8 22. b4 Na4 23. f5 gxf5 24. gxf5 Rg3+ ({Black should play} 24... exf5 $14 25. Nxf5+ Bxf5 26. Rxf5 d4+ 27. Kxd4 Rg3) 25. Kf4 $16 Rhg8 $2 {[%mdl 8192]} (25... Rg2 $16) 26. f6+ $1 $18 Kd8 {[#]} 27. Bh7 $1 R8g5 28. Nf3 Nc3 {Strongly threatening ...d4.} 29. Re1 Rxf3+ (29... Rg8 $142 30. Bxg8 Rxg8) 30. Kxf3 d4 31. Rhg1 Bc6+ {[#]} 32. Kf2 $1 Rf5+ 33. Bxf5 exf5 34. e6 {White mates.} fxe6 35. Rg8+ Kd7 36. f7 {Precision: White = 76%, Black = 25%.} 1-0

[Event "4th Sabbiadoro-Master 2018"]
[Site "Lignano Sabbiadoro"]
[Date "2018.07.31"]
[Round "4.6"]
[White "Micottis, Dorian"]
[Black "Grochowalski, Pawel"]
[Result "1/2-1/2"]
[WhiteElo "2279"]
[BlackElo "2049"]
[Annotator "ChessBase"]
[PlyCount "111"]
[EventDate "2018.07.29"]
[EventType "swiss"]
[EventCountry "ITA"]
[SourceTitle "playchess.com"]
[Source "ChessBase"]
[SourceQuality "1"]
[TimeControl "5400+30"]

1. e4 {[%emt 0:00:30]} c6 {[%emt 0:01:00]} 2. d4 {[%emt 0:01:30]} d5 {[%emt 0:00:00]} 3. Nd2 {[%emt 0:00:00]} dxe4 {[%emt 0:00:00]} 4. Nxe4 {[%emt 0:00:00]} Bf5 {[%emt 0:00:30]} 5. Ng3 {[%emt 0:00:00]} Bg6 {[%emt 0:00:00]} 6. h4 {[%emt 0:00:00]} h6 {[%emt 0:00:00]} 7. Nf3 {[%emt 0:00:30]} Nd7 {[%emt 0:00:30]} 8. h5 {[%emt 0:00:00]} Bh7 {[%emt 0:00:30]} 9. Bd3 {[%emt 0:00:00]} Bxd3 {[%emt 0:00:00]} 10. Qxd3 {[%emt 0:00:00]} e6 {[%emt 0:00:00]} 11. Bd2 {[%emt 0:00:00]} Ngf6 {[%emt 0:00:30]} 12. O-O-O {[%emt 0:00:30]} Be7 {[%emt 0:00:00]} 13. Kb1 {[%emt 0:00:00]} Qc7 {[%emt 0:02:00]} 14. Ne4 {[%emt 0:00:00]} Nxe4 {[%emt 0:00:30]} 15. Qxe4 {[%emt 0:00:30]} O-O-O {[%emt 0:03:30]} 16. g3 {[%emt 0:00:30]} Kb8 {[%emt 0:08:30]} 17. c4 {[%emt 0:03:30]} Ka8 {[%emt 0:01:30]} 18. Bc3 {[%emt 0:04:30]} Nf6 {[%emt 0:31:30]} 19. Qe2 {[%emt 0:01:30]} b5 {[%emt 0:00:30]} 20. Ne5 {[%emt 0:15:30]} Bd6 {[%emt 0:04:30]} 21. f4 {[%emt 0:22:30]} bxc4 {[%emt 0:15:30]} 22. Qxc4 {[%emt 0:00:30]} Nd5 {[%emt 0:09:30]} 23. Rc1 {[%emt 0:00:30]} Bxe5 {[%emt 0:02:53]} 24. dxe5 {[%emt 0:00:30]} Nb6 {[%emt 0:05:37]} 25. Ba5 {[%emt 0:06:30]} Nxc4 {[%emt 0:01:30]} 26. Bxc7 {[%emt 0:00:30]} Rd7 {[%emt 0:00:06]} 27. Rxc4 {[%emt 0:00:30]} Rxc7 {[%emt 0:00:01]} 28. Rd1 {[%emt 0:00:30]} Kb7 {[%emt 0:00:16]} 29. Kc2 {[%emt 0:00:30]} Rg8 {[%emt 0:00:08]} 30. Rc3 {[%emt 0:02:30]} g6 {[%emt 0:01:07]} 31. hxg6 {[%emt 0:00:30]} Rxg6 {[%emt 0:00:03]} 32. Rd8 {[%emt 0:00:00]} Rc8 {[%emt 0:03:25]} 33. Rxc8 {[%emt 0:02:00]} Kxc8 {[%emt 0:00:07]} 34. Rxc6+ {[%emt 0:00:30]} Kb7 {[%emt 0:00:29]} 35. Rc3 {[%emt 0:00:00]} h5 {[%emt 0:00:29]} 36. Kd2 {[%emt 0:17:00]} Rg4 {[%emt 0:00:19]} 37. Rf3 {[%emt 0:00:30]} h4 {[%emt 0:01:43]} 38. gxh4 {[%emt 0:00:30]} Rxh4 {[%emt 0:00:08]} 39. Ke3 {[%emt 0:02:00]} Rh2 {[%emt 0:01:52]} 40. Rf2 {[%emt 0:00:30]} Rh3+ {[%emt 0:00:42]} 41. Ke4 {[%emt 0:01:00]} Rh4 {[%emt 0:00:12]} 42. Rg2 {[%emt 0:01:30]} Rh7 {[%emt 0:00:47]} 43. Rg8 {[%emt 0:03:30]} Kb6 {[%emt 0:01:37]} 44. Rb8+ {[%emt 0:02:30]} Kc6 {[%emt 0:00:39]} 45. Ra8 {[%emt 0:00:37]} Kb6 {[%emt 0:00:33]} 46. b4 {[%emt 0:04:23]} Kb7 {[%emt 0:01:37]} 47. Rf8 {[%emt 0:00:33]} Kc6 {[%emt 0:02:00]} 48. a4 {[%emt 0:00:43]} a6 {[%emt 0:00:31]} 49. Kd4 {[%emt 0:00:44]} Rg7 {[%emt 0:00:36]} 50. Kc4 {[%emt 0:00:27]} Rh7 {[%emt 0:00:05]} 51. Rd8 {[%emt 0:07:22]} Rh1 {[%emt 0:09:00]} 52. Rd6+ {[%emt 0:01:09]} Kb7 {[%emt 0:00:42]} 53. Rd7+ {[%emt 0:03:12]} Kc6 {[%emt 0:00:39]} 54. Rxf7 {[%emt 0:01:06]} Rc1+ {[%emt 0:00:03]} 55. Kb3 {[%emt 0:00:36]} Rb1+ {[%emt 0:00:30]} 56. Kc3 {[%emt 0:00:04]} 1/2-1/2

[Event "4th Sabbiadoro-Master 2018"]
[Site "Lignano Sabbiadoro"]
[Date "2018.07.31"]
[Round "4.7"]
[White "Barberi, Alessandro"]
[Black "Siclari, Giovanni"]
[Result "0-1"]
[WhiteElo "2044"]
[BlackElo "2185"]
[Annotator "NA"]
[PlyCount "57"]
[EventDate "2018.07.29"]
[EventType "swiss"]
[EventCountry "ITA"]
[SourceTitle "playchess.com"]
[Source "ChessBase"]
[SourceQuality "1"]
[TimeControl "5400+30"]

1. c4 {[%emt 0:03:30]} Nf6 {[%emt 0:01:00]} 2. Nc3 {[%emt 0:00:30]} e5 {[%emt 0:00:00]} 3. g3 {[%emt 0:00:00]} Bb4 {[%emt 0:00:00]} 4. Qc2 {[%emt 0:01:00]} O-O {[%emt 0:02:30]} 5. Bg2 {[%emt 0:00:00]} Re8 {[%emt 0:03:30]} 6. e3 {[%emt 0:00:00]} c6 {[%emt 0:03:30]} 7. a3 {[%emt 0:03:30]} Bxc3 {[%emt 0:08:30]} 8. Qxc3 {[%emt 0:00:30]} d5 {[%emt 0:00:00]} 9. d3 {[%emt 0:01:30]} d4 {[%emt 0:07:00]} 10. Qc2 {[%emt 0:00:30]} e4 {[%emt 0:18:30]} 11. dxe4 {[%emt 0:00:30]} d3 {[%emt 0:00:30]} 12. Qb3 {[%emt 0:01:30]} Nxe4 {[%emt 0:00:30]} 13. Nf3 {[%emt 0:01:30]} Na6 {[%emt 0:05:30]} 14. Bd2 {[%emt 0:00:30]} Nac5 {[%emt 0:02:30]} 15. Qa2 {[%emt 0:00:30]} Bg4 {[%emt 0:03:30]} 16. b4 {[%emt 0:03:30]} Qf6 {[%emt 0:02:30]} 17. bxc5 {[%emt 0:01:30]} Bxf3 {[%emt 0:00:30]} 18. O-O {[%emt 0:00:00]} Rad8 {[%emt 0:07:30]} 19. Rab1 {[%emt 0:01:00]} Rd7 {[%emt 0:00:30]} 20. Qb2 {[%emt 0:00:30]} Qf5 {[%emt 0:01:30]} 21. h3 {[%emt 0:04:30]} Bxg2 {[%emt 0:07:30]} 22. Kxg2 {[%emt 0:00:30]} Ng5 {[%emt 0:00:00]} 23. Rh1 {[%emt 0:00:30]} Qf3+ {[%emt 0:00:00]} 24. Kg1 {[%emt 0:00:00]} Ne4 {[%emt 0:00:00]} 25. Rh2 {[%emt 0:00:00]} Re6 {[%emt 0:02:00]} 26. a4 {[%emt 0:00:30]} Rg6 {[%emt 0:02:30]} 27. Qe5 {[%emt 0:01:30]} Rd8 {[%emt 0:00:30]} 28. Ba5 {[%emt 0:02:30]} Nxg3 {[%emt 0:03:45]} 29. Rh1 {[%emt 0:00:30]} 0-1

[Event "4th Sabbiadoro-Master 2018"]
[Site "Lignano Sabbiadoro"]
[Date "2018.07.31"]
[Round "4.8"]
[White "Mufic, Goran"]
[Black "Tiraboschi, Nicolo`"]
[Result "1/2-1/2"]
[WhiteElo "2299"]
[BlackElo "2102"]
[Annotator "NA"]
[PlyCount "46"]
[EventDate "2018.07.29"]
[EventType "swiss"]
[EventCountry "ITA"]
[SourceTitle "playchess.com"]
[Source "ChessBase"]
[SourceQuality "1"]
[TimeControl "5400+30"]

1. d4 {[%emt 0:01:30]} d5 {[%emt 0:08:00]} 2. Bf4 {[%emt 0:00:30]} Nf6 {[%emt 0:00:30]} 3. e3 {[%emt 0:00:00]} e6 {[%emt 0:00:30]} 4. Nf3 {[%emt 0:00:00]} Bd6 {[%emt 0:00:30]} 5. Bg3 {[%emt 0:00:30]} Ne4 {[%emt 0:01:30]} 6. Bxd6 {[%emt 0:03:30]} cxd6 {[%emt 0:02:30]} 7. Nbd2 {[%emt 0:01:30]} Qb6 {[%emt 0:05:30]} 8. Rb1 {[%emt 0:00:30]} Bd7 {[%emt 0:03:30]} 9. Bd3 {[%emt 0:06:30]} Nxd2 {[%emt 0:05:30]} 10. Qxd2 {[%emt 0:02:30]} Bb5 {[%emt 0:01:30]} 11. O-O {[%emt 0:00:30]} O-O {[%emt 0:00:30]} 12. Rfe1 {[%emt 0:05:30]} Nd7 {[%emt 0:07:30]} 13. e4 {[%emt 0:03:30]} dxe4 {[%emt 0:03:30]} 14. Rxe4 {[%emt 0:03:30]} Nf6 {[%emt 0:01:30]} 15. Rf4 {[%emt 0:08:30]} Qa6 {[%emt 0:20:30]} 16. Bxb5 {[%emt 0:06:30]} Qxb5 {[%emt 0:00:00]} 17. b3 {[%emt 0:07:30]} Rac8 {[%emt 0:06:00]} 18. a4 {[%emt 0:04:30]} Qh5 {[%emt 0:01:30]} 19. c4 {[%emt 0:04:30]} e5 {[%emt 0:12:05]} 20. dxe5 {[%emt 0:02:30]} dxe5 {[%emt 0:00:15]} 21. Rh4 {[%emt 0:00:00]} Qf5 {[%emt 0:00:26]} 22. Re1 {[%emt 0:01:00]} Rcd8 {[%emt 0:03:56]} 23. Qe3 {[%emt 0:05:30]} Rd3 {[%emt 0:03:05]} 1/2-1/2

[Event "4th Sabbiadoro-Master 2018"]
[Site "Lignano Sabbiadoro"]
[Date "2018.07.31"]
[Round "4.9"]
[White "Sgnaolin, Davide"]
[Black "Redondo Arguelles, Graciela"]
[Result "1/2-1/2"]
[WhiteElo "2267"]
[BlackElo "2051"]
[Annotator "NA"]
[PlyCount "51"]
[EventDate "2018.07.29"]
[EventType "swiss"]
[EventCountry "ITA"]
[SourceTitle "playchess.com"]
[Source "ChessBase"]
[SourceQuality "1"]
[TimeControl "5400+30"]

1. e4 e6 2. d4 d5 3. Nd2 dxe4 4. Nxe4 Nd7 5. Nf3 Ngf6 6. Bd3 Be7 7. Qe2 O-O 8. Bg5 c5 9. dxc5 Nxc5 10. Nxc5 Qa5+ 11. c3 Qxc5 12. O-O Rd8 13. Rad1 Bd7 14. Ne5 Be8 15. Bh4 Rd5 16. Bg3 Rad8 17. c4 Rd4 18. Nf3 R4d7 19. Be5 b5 20. b3 bxc4 21. Bxc4 Rxd1 22. Rxd1 Rxd1+ 23. Qxd1 Bc6 24. Bb2 h6 25. Ne5 Bd5 26. Bxd5 1/2-1/2

[Event "4th Sabbiadoro-Master 2018"]
[Site "Lignano Sabbiadoro"]
[Date "2018.07.31"]
[Round "4.10"]
[White "Prete, Alessandro"]
[Black "Olivetti, Davide"]
[Result "1/2-1/2"]
[WhiteElo "2032"]
[BlackElo "2234"]
[Annotator "NA"]
[PlyCount "39"]
[EventDate "2018.07.29"]
[EventType "swiss"]
[EventCountry "ITA"]
[SourceTitle "playchess.com"]
[Source "ChessBase"]
[SourceQuality "1"]
[TimeControl "5400+30"]

1. e4 {[%emt 0:00:30]} e5 {[%emt 0:18:00]} 2. Bc4 {[%emt 0:01:30]} Nf6 {[%emt 0:00:30]} 3. d4 {[%emt 0:00:00]} exd4 {[%emt 0:00:30]} 4. Nf3 {[%emt 0:00:00]} Nc6 {[%emt 0:00:30]} 5. O-O {[%emt 0:00:30]} Nxe4 {[%emt 0:00:30]} 6. Re1 {[%emt 0:00:30]} d5 {[%emt 0:00:30]} 7. Bxd5 {[%emt 0:01:30]} Qxd5 {[%emt 0:00:00]} 8. Nc3 {[%emt 0:00:00]} Qh5 {[%emt 0:01:00]} 9. Nxe4 {[%emt 0:05:00]} Be6 {[%emt 0:00:30]} 10. Neg5 {[%emt 0:03:30]} O-O-O {[%emt 0:03:30]} 11. Nxe6 {[%emt 0:06:30]} fxe6 {[%emt 0:00:30]} 12. Rxe6 {[%emt 0:01:30]} Bd6 {[%emt 0:01:30]} 13. Bd2 {[%emt 0:07:30]} Rde8 {[%emt 0:23:30]} 14. Rxe8+ {[%emt 0:18:30]} Rxe8 {[%emt 0:00:30]} 15. h3 {[%emt 0:00:30]} Qb5 {[%emt 0:07:30]} 16. b3 {[%emt 0:08:30]} Qd5 {[%emt 0:05:30]} 17. Bc3 {[%emt 0:07:30]} Bc5 {[%emt 0:03:30]} 18. Qd3 {[%emt 0:08:30]} Qe4 {[%emt 0:05:30]} 19. Qxe4 {[%emt 0:03:30]} Rxe4 {[%emt 0:00:30]} 20. Re1 {[%emt 0:00:30]} 1/2-1/2